000 00804nas a2200265 4500
001 BR7900428
003 BR-BrBNA
005 20231205083617.0
007 ta
008 230509b bl.|||p| |||| 00| 00por d
040 _aBR-BrBNA
_bpor
_cBiblioteca Nacional de Agricultura
041 _a(Pt)
072 _aL30
100 1 _aCollado, A.L.
100 1 _aSilva, J.F.C. da
245 1 _aValor nutritivo da farinha de casca do fruto do cacaueiro [Theobroma cacao]
_bParte de tese
650 _aNUTRICAO ANIMAL
650 _aCACAU
650 _aFARINHA
650 _aCASCA
650 _aVALOR NUTRITIVO
773 0 _tRevista da Sociedade Brasileira de Zootecnia (Brazil)
_xISSN 0100-4859
_g(1978), v. 7(1) p. 129-144
_wBR7900428
909 _a202311
_bLúcia
_c55
_dLúcia Elande
942 _2AGRIS
_n0
_cANA
999 _c100028
_d100028